000 00594nam a22002175a 4500
008
020 _a0521484731 (pbk.)
049 _aMAIN
090 _aQH308.2
_bJON
100 1 _aJones, Mary.
245 1 0 _aAdvanced biology /
_cMary Jones and Geoff Jones.
260 _aCambridge :
_bCambridge University Press,
_c1997.
300 _av, 554 p. ;
_c28 cm.
650 0 _aBiology.
700 1 _aJones, Geoffrey.
907 _a.b10003721
_b16-04-12
_c17-04-03
003
005 20230123133540.0
040 _cNUST
942 _cBOOKS
_kQH308.2
_mJON
999 _c150516
_d150516